| 000 | 01270nam a2200397Ii 4500 | ||
|---|---|---|---|
| 001 | DIGLINK00540 | ||
| 003 | NyNyDIG | ||
| 006 | m o d | ||
| 007 | cr ||||||||||| | ||
| 008 | 140101s2011 sp o 000 0 spa d | ||
| 020 |
_a9788498976076 _q(eBook) |
||
| 020 | _z9788498161175 | ||
| 040 |
_aDGITA _beng _epn _cDGITA |
||
| 043 | _as-bo--- | ||
| 050 | 1 | 4 | _aJL 2215 eBook |
| 050 | 1 | 4 | _aKHC2914 eBook |
| 110 | 1 |
_aBolivia. _tConstitution. 1826. |
|
| 245 | 1 | 0 | _aConstituciones fundacionales de Bolivia |
| 264 | 1 |
_aBarcelona : _bwww.Linkgua.com, _c2011. |
|
| 300 | _a1 online resource (40 pages) | ||
| 336 |
_atext _btxt _2rdacontent |
||
| 337 |
_acomputer _bc _2rdamedia |
||
| 338 |
_aonline resource _bcr _2rdacarrier |
||
| 490 | 1 | _aDiferencias. | |
| 500 | _a19 de noviembre de 1826. | ||
| 650 | 0 |
_aConstitutions _zBolivia. |
|
| 650 | 7 |
_aLaws and legislation _zBolivia. |
|
| 650 | 7 |
_aPolitics and government _zBolivia. |
|
| 655 | 0 | _aElectronic books. | |
| 791 | 2 |
_aDigitalia (Firm), _edistributor. |
|
| 830 | 0 | _aDiferencias (Linkgua Ediciones) | |
| 793 | 0 |
_gDigitalia eBook Collection: _aLinkgua. |
|
| 856 | 4 | 0 |
_3Digitalia Hispánica _uhttps://www.digitaliapublishing.com/a/16519/ |
| 910 | _aPremium Collection: 2007-2012 | ||
| 942 | _cRAA | ||
| 999 |
_c234867 _d234867 |
||